<?xml version="1.0" encoding="UTF-8"?><?xml-stylesheet type="text/xsl" href="static/style.xsl"?><OAI-PMH xmlns="http://www.openarchives.org/OAI/2.0/" xmlns:xsi="http://www.w3.org/2001/XMLSchema-instance" xsi:schemaLocation="http://www.openarchives.org/OAI/2.0/ http://www.openarchives.org/OAI/2.0/OAI-PMH.xsd"><responseDate>2026-04-13T13:26:40Z</responseDate><request verb="GetRecord" identifier="oai:www.recercat.cat:10230/69724" metadataPrefix="marc">https://recercat.cat/oai/request</request><GetRecord><record><header><identifier>oai:recercat.cat:10230/69724</identifier><datestamp>2025-12-18T01:29:38Z</datestamp><setSpec>com_2072_6</setSpec><setSpec>col_2072_452952</setSpec></header><metadata><record xmlns="http://www.loc.gov/MARC21/slim" xmlns:dcterms="http://purl.org/dc/terms/" xmlns:xsi="http://www.w3.org/2001/XMLSchema-instance" xmlns:doc="http://www.lyncode.com/xoai" xsi:schemaLocation="http://www.loc.gov/MARC21/slim http://www.loc.gov/standards/marcxml/schema/MARC21slim.xsd">
   <leader>00925njm 22002777a 4500</leader>
   <datafield ind2=" " ind1=" " tag="042">
      <subfield code="a">dc</subfield>
   </datafield>
   <datafield ind2=" " ind1=" " tag="720">
      <subfield code="a">Gayà Morlà, Catalina</subfield>
      <subfield code="e">author</subfield>
   </datafield>
   <datafield ind2=" " ind1=" " tag="720">
      <subfield code="a">Garde Cano, Cristina</subfield>
      <subfield code="e">author</subfield>
   </datafield>
   <datafield ind2=" " ind1=" " tag="720">
      <subfield code="a">Vidal Castell, David</subfield>
      <subfield code="e">author</subfield>
   </datafield>
   <datafield ind2=" " ind1=" " tag="720">
      <subfield code="a">Seró Moreno, Laia</subfield>
      <subfield code="e">author</subfield>
   </datafield>
   <datafield ind2=" " ind1=" " tag="260">
      <subfield code="c">2025-02-25T07:26:18Z</subfield>
   </datafield>
   <datafield ind2=" " ind1=" " tag="260">
      <subfield code="c">2025</subfield>
   </datafield>
   <datafield ind2=" " ind1=" " tag="260">
      <subfield code="c">info:eu-repo/date/embargoEnd/2030-31-12</subfield>
   </datafield>
   <datafield ind2=" " ind1=" " tag="260">
      <subfield code="c">2032-07-12</subfield>
   </datafield>
   <datafield ind2=" " ind1=" " tag="520">
      <subfield code="a">Toda cultura se construye y a la vez requiere de unos ámbitos de producción simbólica en los que cristalizan las identidades comunitarias e individuales mediante formas plausibles de narraciones y relatos que estructuran dicha comunidad. Desde esta perspectiva, que permite articular antropología y comunicación, el presente artículo recoge el trabajo de conceptualización, diseño metodológico y resultados obtenidos en la primera fase del proyecto que se ha desarrollado con el Museo Marítimo de Mallorca (MMM) en una comunidad pesquera de un barrio de la ciudad de Palma, en la isla de Mallorca. Se trata de El Molinar, un barrio costero en pleno proceso de gentrificación 1. Con las formalizaciones del periodismo performativo, que toma la metodología del enfoque etnográfico para narrar historias más allá de la textualidad, se han impulsado, desde el museo, nodos de visibilidad de memoria colectiva narrada, tanto virtuales como físicos, que restituyen la memoria pesquera del barrio. Así el museo se posiciona como una institución de salvaguarda de la memoria, pero también como ámbito de acogida y agente transformador.</subfield>
   </datafield>
   <datafield tag="653" ind2=" " ind1=" ">
      <subfield code="a">Museo Marítimo de Mallorca</subfield>
   </datafield>
   <datafield tag="653" ind2=" " ind1=" ">
      <subfield code="a">El Molinar</subfield>
   </datafield>
   <datafield tag="653" ind2=" " ind1=" ">
      <subfield code="a">Comunidades gentrificadas</subfield>
   </datafield>
   <datafield ind2="0" ind1="0" tag="245">
      <subfield code="a">Memoria y relato colectivos de comunidades gentrificadas: un proyecto del Museo Marítimo de Mallorca en el barrio de El Molinar de Palma</subfield>
   </datafield>
</record></metadata></record></GetRecord></OAI-PMH>